| 000 | 00511nam a22001697a 4500 | ||
|---|---|---|---|
| 999 |
_c60764 _d60764 |
||
| 005 | 20231019125725.0 | ||
| 008 | 231019s2002 ru ||||| |||| 00| 0 rus d | ||
| 020 | _a9785170122158 | ||
| 041 | _arus | ||
| 080 | _a94(37) П-12 | ||
| 100 |
_aПавсаний _920134 |
||
| 245 |
_aОписание Эллады : _bТом II / _cПавсаний. |
||
| 264 |
_aМосква: _bЛадомир, _c2002. |
||
| 300 |
_a503 стр.: _b21 см. |
||
| 653 | _aჰელასის აღწერა | ||
| 942 |
_2udc _cBK |
||